000
00301nam a2200121Ia 4500
008
220214s9999 xx 000 0 und d
100
_a
Tshiteya Mukuna
245
0
_a
Fuel production from a brewery residue
260
_b
Energy
_c
1985
300
_a
1299-1300
650
_a
Fuel production
942
_c
RE
999
_c
45581
_d
45581